Сталь и сплавы. Наименования и основные обозначения марок (Запись № 13652903)
[ простой вид ]
| 000 -МАРКЕР | |
|---|---|
| контрольное поле | 02695nam0a2200361 4500 |
| 001 - ИДЕНТИФИКАТОР ЗАПИСИ | |
| контрольное поле | RU\NLR\BIBL_A\022135171 |
| 005 - ИДЕНТИФИКАТОР ВЕРСИИ | |
| контрольное поле | 20260408162054.0 |
| 021 ## - НОМЕР ГОСУДАРСТВЕННОЙ РЕГИСТРАЦИИ | |
| Код страны | Российская Федерация |
| Номер | КН-П-23-080923 |
| Номер Листа государственной регистраци | КН-П-23-8211 |
| 035 ## - ДРУГИЕ СИСТЕМНЫЕ НОМЕРА | |
| Идентификатор записи | (NLR Aleph) 022135171 |
| 035 ## - ДРУГИЕ СИСТЕМНЫЕ НОМЕРА | |
| Идентификатор записи | (RuMoRGB)012450489 |
| 100 ## - ДАННЫЕ ОБЩЕЙ ОБРАБОТКИ | |
| Данные общей обработки | 20240212d2023 u y0rusy50 ca |
| 101 0# - ЯЗЫК РЕСУРСА | |
| Язык текста, звукозаписи и т.д. | русский |
| 102 ## - СТРАНА ПУБЛИКАЦИИ ИЛИ ПРОИЗВОДСТВА | |
| Страна публикации | Российская Федерация |
| 105 ## - ПОЛЕ КОДИРОВАННЫХ ДАННЫХ: ТЕКСТОВЫЕ МАТЕРИАЛЫ, МОНОГРАФИЧЕСКИЕ | |
| Кодированные данные о монографическом текстовом документе | y 000|y |
| 181 #1 - ПОЛЕ КОДИРОВАННЫХ ДАННЫХ: ВИД СОДЕРЖАНИЯ | |
| Код вида содержания (ISBD) | i |
| Код характеристики содержания (ISBD) | e |
| 182 #1 - ПОЛЕ КОДИРОВАННЫХ ДАННЫХ: ТИП СРЕДСТВА | |
| Код типа средства (ISBD) | n - непосредственное |
| 200 1# - ЗАГЛАВИЕ И СВЕДЕНИЯ ОБ ОТВЕТСТВЕННОСТИ | |
| Основное заглавие | Сталь и сплавы. Наименования и основные обозначения марок |
| Сведения, относящиеся к заглавию | ГОСТ Р 70817-2023 |
| -- | национальный стандарт Российской Федерации |
| -- | утвержден и введен в действие Приказом Федерального агентства по техническому регулированию и метрологии от 14 июля 2023 г. N 535-ст |
| -- | введен впервые |
| -- | дата введения 2023-11-01 |
| Первые сведения об ответственности | разработан: Центральный научно-исследовательский институт черной металлургии имени И. П. Бардина |
| 203 ## - ВИД СОДЕРЖАНИЯ И ТИП СРЕДСТВА | |
| Вид содержания | Текст |
| Дополнительные сведения об издании | визуальный |
| Тип средства | непосредственный |
| 210 ## - ПУБЛИКАЦИЯ, РАСПРОСТРАНЕНИЕ И ДР. | |
| Место издания, распространения и т.д. | Москва |
| Имя издателя, распространителя и т. д. | Российский институт стандартизации |
| Дата издания, распространения и т.д. | 2023 |
| Место изготовления | Москва |
| 215 ## - ФИЗИЧЕСКАЯ ХАРАКТЕРИСТИКА | |
| Специфическое обозначение материала и объем | III, 15 с. |
| Размеры | 29 см. |
| 330 ## - РЕЗЮМЕ ИЛИ РЕФЕРАТ | |
| Текст примечания | Настоящий стандарт определяет наименования и устанавливает порядок присвоения обозначений марок стали и сплавов, применяемых в черной металлургии, в зависимости от их основных свойств, области применения и назначения, а также отдельных способов их выплавки, переплава и методов обработки |
| 606 ## - НАИМЕНОВАНИЕ ТЕМЫ КАК ПРЕДМЕТ | |
| Наименование темы | Сталь |
| Формальный подзаголовок | Стандарты |
| Тематический подзаголовок | Марки |
| Системный номер авторитетной/нормативной записи | 1708871 |
| Идентификатор авторитетной/нормативной записи | RU\NLR\AUTH\661059095 |
| 606 1# - НАИМЕНОВАНИЕ ТЕМЫ КАК ПРЕДМЕТ | |
| Наименование темы | Сталь |
| Формальный подзаголовок | Стандарты |
| Тематический подзаголовок | Классификация |
| Системный номер авторитетной/нормативной записи | 1708033 |
| Идентификатор авторитетной/нормативной записи | RU\NLR\AUTH\661058699 |
| 675 ## - УНИВЕРСАЛЬНАЯ ДЕСЯТИЧНАЯ КЛАССИФИКАЦИЯ (UDC/УДК) | |
| Индекс | 669.14(083.74) |
| Издание | 4 |
| 686 ## - ИНДЕКСЫ ДРУГИХ КЛАССИФИКАЦИЙ | |
| Индекс | 34.327я86 |
| Код системы | |
| 686 1# - ИНДЕКСЫ ДРУГИХ КЛАССИФИКАЦИЙ | |
| Индекс | К222я861 |
| 712 01 - НАИМЕНОВАНИЕ ОРГАНИЗАЦИИ - ВТОРИЧНАЯ ОТВЕТСТВЕННОСТЬ | |
| Код отношения | Агентство по стандартам |
| Начальный элемент ввода | Российская Федерация |
| Структурное подразделение | Федеральное агентство по техническому регулированию и метрологии |
| Системный номер авторитетной/нормативной записи | 630205 |
| Идентификатор авторитетной/нормативной записи | RU\NLR\AUTH\8810064304 |
| 712 02 - НАИМЕНОВАНИЕ ОРГАНИЗАЦИИ - ВТОРИЧНАЯ ОТВЕТСТВЕННОСТЬ | |
| Код отношения | Разработчик номерного издания |
| Начальный элемент ввода | ЦНИИ черной металлургии им. И. П. Бардина |
| Идентифицирующий признак | Москва |
| Системный номер авторитетной/нормативной записи | 369145 |
| Идентификатор авторитетной/нормативной записи | RU\NLR\AUTH\889937184 |
| 942 ## - ДОПОЛНИТЕЛЬНЫЕ ЭЛЕМЕНТЫ ЗАПИСИ (АБИС) | |
| Тип экземпляра АБИС | Книга |
| 980 ## - КОЛЛЕКЦИЯ | |
| Название коллекции | Национальная библиография |
Нет доступных экземпляров.